Il paese della bellezza : Virginia Woolf nelle riviste italiane tra le due guerre /

Guardat en:
Dades bibliogràfiques
Autor principal: Bolchi, Elisa (Autor)
Format: Llibre
Idioma:italià
Publicat: Milano : I.S.U. Universita cattolica, 2007
Etiquetes: Afegir etiqueta
Sense etiquetes, Sigues el primer a etiquetar aquest registre!

MARC

LEADER 00000nam a22000007i 4500
001 IT\ICCU\MIL\0734401
003 ItRI
005 20260115232147.0
008 071109s2007 it |||||| ||||| |||||c
020 |a 9788883115257 
040 |b ita  |c importazione bologna sebina 
041 7 |a ita  |2 ISO-639-2 
100 1 |a Bolchi, Elisa  |0 IT\ICCU\MILV\325658  |4 aut 
245 1 3 |a Il paese della bellezza :  |b Virginia Woolf nelle riviste italiane tra le due guerre /  |c Elisa Bolchi. 
260 |a Milano :  |b I.S.U. Universita cattolica,  |c 2007 
300 |a 357 p. :  |b ill. ;  |c 21 cm. 
942 |2 ddc  |c BK  |n 0 
952 |0 0  |1 0  |4 0  |6 L_823_912000000000000_BOL  |7 0  |9 21142  |a BO  |b BO  |d 2026-01-15  |i 13823  |l 0  |o L 823.912 BOL  |p BO13823  |r 2026-01-15 23:21:47  |w 2026-01-15  |x [Sebina 5] [1 v.]  |y BK  |z 1 v. 
999 |c 18065  |d 18065